| 000 -ლიდერი |
| ფიქსირებული სიგრძის საკონტროლო ველი |
01246nam a22002177a 4500 |
| 003 - საკონტროლო ნომრის იდენტიფიკატორი |
| საკონტროლო ველი |
Ge_BSU |
| 005 - ბოლო ოპერაციის თარიღი და დრო |
| საკონტროლო ველი |
20190919162953.0 |
| 008 - ფიქსირებული სიგრძის მონაცემთა ელემენტები - ზოგადი ინფორმაცია |
| ფიქსირებული სიგრძის საკონტროლო ველი |
190919s2016 ge ||||| |||| 00| 0 geo d |
| 020 ## - წიგნის საერთაშორისო სტანდარტული ნომერი |
| International Standard Book Number |
9789941950926 |
| 041 ## - ენის კოდი |
| Language code of text/sound track or separate title |
geo |
| 080 ## - უნივერსალური ათობითი კლასიფიკაციის ინდექსი |
| Universal Decimal Classification number |
821.353.1.09 ტ-75 |
| 100 ## - მთავარი ჩანაწერი - პიროვნების სახელი |
| Personal name |
ტრაპაიძე , ნანა. |
| 9 (RLIN) |
4150 |
| 245 ## - ცნობა სათაურის შესახებ |
| Title |
ლიტერატურა და ლიტერატურა / |
| Statement of responsibility, etc |
ნანა ტრაპაიძე ; რედ : ლექსო დორეული ; დიზაინერი : ნატალია ავალიანი. |
| 264 ## - წარმოების, გამოცემის, დისტრიბუციის და სხვა ცნობები |
| გამოცემის, წარმოების, დისტრიბუციის... ადგილი |
თბილისი : |
| გამოცემის, წარმოების, დისტრიბუციის... სახელწოდება |
კალმოსანი, |
| გამოცემის, წარმოების, დისტრიბუციის... თარიღი |
2016. |
| 300 ## - ფიზიკური აღწერა |
| Extent |
168 გვ. : |
| Dimensions |
20 სმ. |
| Accompanying material |
გარეკანზე : რენე მაგრიტის ”რეპროდუქციის შეუძლებლობა”. |
| 653 ## - INDEX TERM--UNCONTROLLED |
| Uncontrolled term |
ქართული ლიტერატურა. |
| 653 ## - INDEX TERM--UNCONTROLLED |
| Uncontrolled term |
მსოფლიო ლიტერატურა -- ისტორია და კრიტიკა. |
| 700 ## - ADDED ENTRY--PERSONAL NAME |
| Personal name |
დორეული , ლექსო |
| Relator term |
რედაქტორი |
| 9 (RLIN) |
4151 |
| 700 ## - ADDED ENTRY--PERSONAL NAME |
| Personal name |
ავალიანი , ნატალია |
| Relator term |
დიზაინერი |
| 9 (RLIN) |
4152 |
| 942 ## - ADDED ENTRY ELEMENTS (KOHA) |
| Source of classification or shelving scheme |
|
| Koha item type |
წიგნი |